Statistics for All Countries by Easternmost Point on Land, with an Empty Map

Click here to take the quiz!

General Stats

  • This quiz has been taken 6,641 times
    (5,351 since last reset)
  • The average score is 124 of 196

Answers on the Map

Answers color-coded by a green-red scale on the quiz's map according to % correct below.
 

Answer Stats

Latitude and ContinentCountry% Correct
169°01'W - Asia/EuropeRussia
100%
169°52'W - OceaniaNew Zealand
86%
178°15'W - OceaniaFiji
80%
153°59'E - AsiaJapan
80%
141°05'E - AsiaIndonesia
78%
167°57'E - OceaniaAustralia
77%
134°46'E - AsiaChina
77%
179°51'E - OceaniaTuvalu
77%
172°09'E - OceaniaMarshall Islands
76%
130°40'E - AsiaNorth Korea
76%
159°24'E - OceaniaPapua New Guinea
76%
170°10'E - OceaniaSolomon Islands
76%
131°52'E - AsiaSouth Korea
76%
163°01'E - OceaniaFederated States of Micronesia
75%
166°57'E - OceaniaNauru
75%
134°42'E - OceaniaPalau
75%
126°34'E - AsiaPhilippines
75%
170°13'E - OceaniaVanuatu
75%
127°19'E - AsiaEast Timor
74%
122°06'E - AsiaTaiwan
74%
92°35'E - AsiaBangladesh
73%
92°05'E - AsiaBhutan
73%
115°25'E - AsiaBrunei
73%
101°10'E - AsiaBurma
73%
107°35'E - AsiaCambodia
73%
97°20'E - AsiaIndia
73%
106°40'E - AsiaLaos
73%
119°10'E - AsiaMalaysia
73%
120°00'E - AsiaMongolia
73%
88°15'E - AsiaNepal
73%
105°40'E - AsiaThailand
73%
72°30'E - EuropeUnited Kingdom
73%
109°30'E - AsiaVietnam
73%
75°00'E - AsiaAfghanistan
72%
63°18'E - AsiaIran
72%
87°30'E - AsiaKazakhstan
72%
80°20'E - AsiaKyrgyzstan
72%
63°30'E - AfricaMauritius
72%
77°30'E - AsiaPakistan
72%
56°16'E - AfricaSeychelles
72%
104°24'E - AsiaSingapore
72%
81°40'E - AsiaSri Lanka
72%
75°05'E - AsiaTajikistan
72%
44°49'E - Asia/EuropeTurkey
72%
73°20'E - AsiaUzbekistan
72%
50°40'E - AfricaMadagascar
71%
73°31'E - AsiaMaldives
71%
59°50'E - AsiaOman
71%
55°30'E - AsiaSaudi Arabia
71%
51°27'E - AfricaSomalia
71%
66°40'E - AsiaTurkmenistan
71%
40°15'E - EuropeUkraine
71%
56°24'E - AsiaUnited Arab Emirates
71%
46°37'E - AsiaArmenia
70%
50°33'E - AsiaAzerbaijan
70%
50°43'E - AsiaBahrain
70%
48°00'E - AfricaEthiopia
70%
55°50'E - EuropeFrance
70%
46°40'E - AsiaGeorgia
70%
48°33'E - AsiaIraq
70%
48°40'E - AsiaKuwait
70%
51°39'E - AsiaQatar
70%
42°25'E - AsiaSyria
70%
54°30'E - AsiaYemen
70%
44°32'E - AfricaComoros
69%
34°36'E - AsiaCyprus
69%
43°25'E - AfricaDjibouti
69%
43°7'E - AfricaEritrea
69%
35°40'E - AsiaIsrael
69%
39°20'E - AsiaJordan
69%
41°00'E - AfricaKenya
69%
36°38'E - AsiaLebanon
69%
32°46'E - EuropeBelarus
68%
35°45'E - AfricaEgypt
68%
40°45'E - AfricaMozambique
68%
35°56'E - AfricaSouth Sudan
68%
38°35'E - AfricaSudan
68%
40°29'E - AfricaTanzania
68%
31°35'E - EuropeFinland
67%
35°55'E - AfricaMalawi
67%
33°30'E - EuropeNorway
67%
30°10'E - EuropeMoldova
66%
29°40'E - EuropeRomania
66%
35°02'E - AfricaUganda
66%
28°36'E - EuropeBulgaria
65%
29°38'E - EuropeGreece
65%
32°55'E - AfricaSouth Africa
65%
33°00'E - AfricaZimbabwe
65%
30°50'E - AfricaBurundi
64%
31°30'E - AfricaDemocratic Republic of the Congo
64%
28°12'E - EuropeEstonia
64%
32°08'E - AfricaEswatini
64%
28°15'E - EuropeLatvia
64%
26°50'E - EuropeLithuania
64%
30°53'E - AfricaRwanda
64%
32°50'E - AfricaZambia
64%
29°28'E - AfricaLesotho
63%
24°09'E - EuropePoland
63%
24°10'E - EuropeSweden
63%
29°20'E - AfricaBotswana
62%
27°28'E - AfricaCentral African Republic
62%
22°55'E - EuropeHungary
62%
21°47'E - EuropeKosovo
62%
25°05'E - AfricaLibya
62%
23°00'E - EuropeNorth Macedonia
62%
23°01'E - EuropeSerbia
62%
22°30'E - EuropeSlovakia
62%
21°4'E - EuropeAlbania
61%
24°00'E - AfricaAngola
61%
17°9'E - EuropeAustria
61%
19°30'E - EuropeBosnia and Herzegovina
61%
24°00'E - AfricaChad
61%
19°27'E - EuropeCroatia
61%
18°51'E - EuropeCzech Republic
61%
18°31'E - EuropeItaly
61%
20°21'E - EuropeMontenegro
61%
25°15'E - AfricaNamibia
61%
15°2'E - EuropeGermany
60%
16°36'E - EuropeSlovenia
60%
15°11'E - EuropeDenmark
59%
150°13'W - OceaniaKiribati
59%
14°34'E - EuropeMalta
59%
16°00'E - AfricaNiger
59%
18°40'E - AfricaRepublic of the Congo
59%
12°31'E - EuropeSan Marino
59%
28°50'W - South AmericaBrazil
58%
16°12'E - AfricaCameroon
58%
52°37' W - North AmericaCanada
58%
6°01'W - EuropeIreland
58%
7°13'E - EuropeNetherlands
58%
6°11'W - EuropePortugal
58%
4°19'E - EuropeSpain
58%
10°29'E - EuropeSwitzerland
58%
12°27'E - EuropeVatican City
58%
12°00'E - AfricaAlgeria
57%
1°47'E - EuropeAndorra
57%
6°22'E - EuropeBelgium
57%
14°30'E - AfricaGabon
57%
13°14'W - EuropeIceland
57%
9°33'E - EuropeLiechtenstein
57%
6°32'E - EuropeLuxembourg
57%
7°26'E - EuropeMonaco
57%
13°15'E - AfricaNigeria
57%
171°20'W - OceaniaSamoa
57%
173°43'W - OceaniaTonga
57%
53°5'W - South AmericaUruguay
57%
53°41'W - South AmericaArgentina
56%
57°30'W - South AmericaBolivia
56%
11°20'E - AfricaEquatorial Guinea
56%
56°30'W - South AmericaGuyana
56%
54°15'W - South AmericaParaguay
56%
54°00'W - South AmericaSuriname
56%
11°35'E - AfricaTunisia
56%
59°45'W - South AmericaVenezuela
55%
3°50'E - AfricaBenin
54%
2°25'E - AfricaBurkina Faso
54%
22°40'W - AfricaCape Verde
54%
4°00'E - AfricaMali
54%
1°10'W - AfricaMorocco
54%
7°26'E - AfricaSão Tomé and Príncipe
54%
1°46'E - AfricaTogo
54%
66°24'W - South AmericaChile
53%
67°00'W - South AmericaColombia
53%
13°48'W - AfricaGambia
53%
1°10'E - AfricaGhana
53%
7°45'W - AfricaGuinea
53%
2°35'W - AfricaIvory Coast
53%
7°22'W - AfricaLiberia
53%
4°45'W - AfricaMauritania
53%
11°22'W - AfricaSenegal
53%
64°34'W - North AmericaUnited States
53%
75°15'W - South AmericaEcuador
52%
13°40'W - AfricaGuinea-Bissau
52%
68°39'W - South AmericaPeru
52%
10°17'W - AfricaSierra Leone
52%
59°26'W - North AmericaBarbados
51%
60°31'W - North AmericaTrinidad and Tobago
50%
61°15'W - North AmericaDominica
49%
60°54'W - North AmericaSaint Lucia
49%
61°08'W - North AmericaSaint Vincent and the Grenadines
49%
61°40'W - North AmericaAntigua and Barbuda
48%
68°20'W - North AmericaDominican Republic
48%
61°23'W - North AmericaGrenada
48%
62°31'W - North AmericaSaint Kitts and Nevis
48%
72°45'W - North AmericaBahamas
47%
87°35'W - North AmericaBelize
47%
82°30'W - North AmericaCosta Rica
47%
74°08'W - North AmericaCuba
47%
87°42'W - North AmericaEl Salvador
47%
88°15'W - North AmericaGuatemala
47%
71°38'W - North AmericaHaiti
47%
83°35'W - North AmericaHonduras
47%
76°12'W - North AmericaJamaica
47%
86°42'W - North AmericaMexico
47%
82°46'W - North AmericaNicaragua
47%
77°09'W - North AmericaPanama
47%

Score Distribution

Percentile by Number Answered

Percent of People with Each Score

Your Score History

You have not taken this quiz since the last reset